Minerals and the microscope / (Record no. 14474)
[ view plain ]
| 000 -LEADER | |
|---|---|
| fixed length control field | 00842cam a22003011 4500 |
| 001 - CONTROL NUMBER | |
| control field | 14474 |
| 003 - CONTROL NUMBER IDENTIFIER | |
| rucl marc code | BD-RjUL |
| 005 - DATE AND TIME OF LATEST TRANSACTION | |
| control field | 20211208235632.0 |
| 008 - FIXED-LENGTH DATA ELEMENTS--GENERAL INFORMATION | |
| fixed length control field | r19761956enka 001 0 eng d |
| 020 ## - INTERNATIONAL STANDARD BOOK NUMBER | |
| International Standard Book Number | 0045490023 |
| 035 ## - SYSTEM CONTROL NUMBER | |
| System control number | (BD-RjUL)14526 |
| System control number | (OCoLC)542158 |
| 040 ## - CATALOGING SOURCE | |
| Original cataloging agency | DLC |
| Transcribing agency | OKentU |
| Modifying agency | Uk |
| -- | DLC |
| -- | BD-RjUL |
| Language of cataloging | eng |
| 041 ## - LANGUAGE CODE | |
| Language code of text/sound track or separate title | eng |
| 082 ## - DEWEY DECIMAL CLASSIFICATION NUMBER | |
| Classification number | 549 |
| Author mark and year | SMM 1976 |
| 100 1# - MAIN ENTRY--PERSONAL NAME | |
| Personal name | Smith, H. G. |
| 9 (RLIN) | 45149 |
| 245 10 - TITLE STATEMENT | |
| Title | Minerals and the microscope / |
| Statement of responsibility, etc. | H. G. Smith |
| 250 ## - EDITION STATEMENT | |
| Edition statement | [4th ed.] |
| 260 ## - PUBLICATION, DISTRIBUTION, ETC. (IMPRINT) | |
| Place of publication, distribution, etc. | London : |
| Name of publisher, distributor, etc. | T. Murby, |
| Date of publication, distribution, etc. | 1956 [reprinted 1976] |
| 300 ## - PHYSICAL DESCRIPTION | |
| Pagination | 148 p. : |
| Illustrations | illus. ; |
| Size | 18 cm. |
| 650 #0 - SUBJECT ADDED ENTRY--TOPICAL TERM | |
| Topical term or geographic name as entry element | Mineralogy. |
| 9 (RLIN) | 45150 |
| Topical term or geographic name as entry element | Petrology. |
| 9 (RLIN) | 45151 |
| Topical term or geographic name as entry element | Microscopy. |
| 9 (RLIN) | 45152 |
| 700 1# - ADDED ENTRY--PERSONAL NAME | |
| Personal name | Wells, M. K. |
| Fuller form of name | (Maurice Kingsley), |
| Dates associated with a name | 1921- |
| 942 ## - ADDED ENTRY ELEMENTS (KOHA) | |
| Source of classification or shelving scheme | Dewey Decimal Classification |
| Koha item type | Books |
| Lost status | Source of classification or shelving scheme | Damaged status | Not for loan | Collection code | Permanent Location | Current Location | Shelving location | Date acquired | Source of acquisition | Cost, normal purchase price | Total Checkouts | Full call number | Date last seen | Copy number | Koha item type |
|---|---|---|---|---|---|---|---|---|---|---|---|---|---|---|---|
| Dewey Decimal Classification | Non-fiction | Central Library, University of Rajshahi | Central Library, University of Rajshahi | 30/11/1978 | Heffers london | 2.95 | 549 SMM 1976 | 06/02/2014 | C-5 | Books | |||||
| Dewey Decimal Classification | Not For Loan | Non-fiction | Central Library, University of Rajshahi | Central Library, University of Rajshahi | Reading Room | 30/11/1978 | Heffers, London | 2.95 | 549 SMM 1976 | 17/05/2017 | C-1 | Books |